Top 100 Biggest Cities in Maryland - Statistics

General Stats
  • This quiz has been taken 1,733 times
    329 since last reset
  • The average score is 28 of 100
Answer Stats
# City Population % Correct
1 Baltimore 585,708
100%
24 Annapolis 40,812
92%
6 Frederick 78,171
80%
5 Silver Spring 81,015
75%
22 Hagerstown 43,527
74%
10 Bethesda 68,056
73%
37 Salisbury 33,050
73%
9 Gaithersburg 69,657
71%
2 Columbia 104,681
69%
12 Rockville 67,117
69%
13 Towson 59,553
65%
73 Cumberland 19,076
63%
14 Bowie 58,329
61%
33 College Park 34,740
61%
3 Germantown 91,249
61%
8 Glen Burnie 72,891
58%
7 Ellicott City 75,947
57%
43 Laurel 30,060
53%
4 Waldorf 81,410
51%
20 Potomac 47,018
50%
11 Dundalk 67,796
49%
16 Severn 57,118
44%
66 Hyattsville 21,187
43%
87 Aberdeen 16,254
41%
82 Easton 17,101
39%
21 Catonsville 44,701
38%
95 Havre de Grace 14,807
38%
79 Takoma Park 17,629
38%
17 Wheaton 52,510
37%
T68 Westminster 20,126
36%
27 Severna Park 39,933
35%
90 Elkton 15,807
34%
59 Greenbelt 24,921
33%
19 North Bethesda 50,094
33%
30 Olney 35,820
31%
31 Owings Mills 35,674
28%
81 Damascus 17,224
27%
51 Landover 25,998
27%
23 Odenton 42,947
26%
34 Pikesville 34,168
26%
25 Essex 40,505
25%
44 Crofton 29,641
24%
38 Pasadena 32,979
24%
67 Beltsville 20,133
23%
18 Aspen Hill 51,063
22%
48 Clarksburg 29,051
22%
61 Cockeysville 24,184
22%
15 Bel Air South 57,643
21%
57 Elkridge 25,171
21%
50 Reisterstown 26,822
21%
41 Parkville 31,812
20%
28 Clinton 38,760
19%
85 Glenmont 16,710
19%
63 North Potomac 23,790
19%
35 Randallstown 33,655
19%
52 Suitland 25,839
19%
39 Eldersburg 32,582
18%
56 North Laurel 25,379
18%
74 Oxon Hill 18,791
18%
62 Arnold 24,064
17%
40 Bel Air North 31,841
16%
53 Edgewood 25,713
16%
32 Montgomery Village 34,893
16%
46 Perry Hall 20,409
16%
36 Middle River 33,203
15%
26 Woodlawn 39,986
14%
65 Arbutus 21,655
13%
T68 Langley Park 20,126
13%
70 Rosedale 19,961
11%
88 Brooklyn Park 16,112
10%
92 Colesville 15,421
10%
45 South Laurel 29,602
10%
84 Adelphi 16,823
9%
29 Chillum 36,039
9%
94 Cloverly 15,285
9%
60 Fort Washington 24,261
9%
78 Parole 17,877
9%
86 White Oak 16,347
9%
80 Calverton 17,316
8%
47 Carney 29,363
7%
83 Ferndale 17,091
7%
42 Milford Mill 30,622
7%
75 Redland 18,592
7%
58 Ballenger Creek 24,999
6%
55 Fairland 25,396
6%
54 Lochearn 25,511
6%
100 Flower Hill 14,108
5%
97 Glenn Dale 14,698
5%
72 Lake Shore 19,551
5%
64 Camp Springs 22,734
4%
76 East Riverdale 18,459
4%
91 Hillcrest Heights 15,793
4%
99 Kettering 14,424
4%
89 Rossville 16,029
4%
71 Seabrook 19,627
4%
49 Ilchester 26,824
3%
98 Lake Arbor 14,541
3%
96 Summerfield 14,758
3%
77 Glassmanor 18,430
2%
93 Bensville 15,288
1%
No matching quizzes found
Score Distribution
Percent of People with Each Score
Percentile by Number Answered
Your Score History
You have not taken this quiz since the last reset